Joint economic report : Report of the joint economic committee congress of the United States
Gorde:
| Formatua: | Liburua |
|---|---|
| Hizkuntza: | Undetermined |
| Argitaratua: |
Washington
1968
|
| Gaiak: | |
| Etiketak: |
Etiketa erantsi
Etiketarik gabe, Izan zaitez lehena erregistro honi etiketa jartzen!
|
| Thư viện lưu trữ: | Trung tâm Học liệu Trường Đại học Cần Thơ |
|---|
| LEADER | 00492nam a2200169Ia 4500 | ||
|---|---|---|---|
| 001 | CTU_84351 | ||
| 008 | 210402s9999 xx 000 0 und d | ||
| 082 | |a 338.9 | ||
| 082 | |b J74 | ||
| 245 | 0 | |a Joint economic report : | |
| 245 | 0 | |b Report of the joint economic committee congress of the United States | |
| 260 | |a Washington | ||
| 260 | |c 1968 | ||
| 650 | |a United States | ||
| 650 | |x Economic policy | ||
| 904 | |i Qhieu(sửa) | ||
| 980 | |a Trung tâm Học liệu Trường Đại học Cần Thơ | ||